000 01062cam a2200337 a 4500
001 4168
003 FISKH
005 20240624160548.0
008 100528s2011 nyua b 000 1 eng
010 _a 2010016768
020 _a9780545231428 (pbk.)
040 _aDLC
_cDLC
_dDLC
_beng
042 _alcac
050 0 0 _aPZ7.B7633
082 _2416
100 1 _aBridwell, Norman.
245 1 0 _aClifford goes to the doctor /
_cNorman Bridwell.
260 _aNew York :
_bScholastic,
_c2011.
300 _a32 unnumbered pages :
_bcolor illustrations ;
_c23 cm
490 0 _aScholastic Reader. Level 1
500 _a"Cartwheel Books."
505 _aH
520 _aClifford the big red dog visits his veterinarian, Dr. Smart, who has given him a check-up every year since he was almost too small to be weighed.
521 8 _a430
_bLexile
521 8 _aH
_bRaz-Plus
650 1 _aVeterinary medicine
_vFiction.
650 1 _aDogs
_vFiction.
906 _a7
_bcbc
_corignew
_d1
_eecip
_f20
_gy-gencatlg
942 _2ddc
_cBK
_n0
999 _c4168
_d4168